[Event "British Columbia-Washington"]
[Site "Victoria"]
[Date "2020.01.19"]
[Round "4.7"]
[White "Velea, Stephanie"]
[Black "Gansvind, Valeriya I"]
[Result "0-1"]
[WhiteElo "1528"]
[BlackElo "2081"]
[PlyCount "134"]
[EventDate "2020.01.17"]
[EventType "team-match"]
[EventRounds "5"]
[EventCountry "CAN"]
[SourceTitle "EXT 2023"]
[Source "ChessBase"]
[SourceDate "2022.10.05"]
[SourceVersion "1"]
[SourceVersionDate "2022.10.05"]
[SourceQuality "1"]
[WhiteTeam "Washington"]
[BlackTeam "British Columbia"]
[WhiteTeamCountry "USA"]
[BlackTeamCountry "CAN"]

1. e4 c5 2. Nf3 a6 3. d4 cxd4 4. Nxd4 e5 5. Nf3 Nf6 6. Bg5 Qa5+ 7. Qd2 Bb4 8. c3 Be7 9. Bxf6 Bxf6 10. Bc4 0-0 11. 0-0 Qc7 12. Bb3 d6 13. Rd1 Be7 14. c4 Nd7 15. Nc3 Nf6 16. Ne1 Be6 17. Qe2 Rac8 18. Nd5 Nxd5 19. cxd5 Bd7 20. Qe3 Qc5 21. Qd2 h6 22. Rac1 Qb6 23. Rxc8 Rxc8 24. Rc1 Rxc1 25. Qxc1 Bd8 26. Nf3 Bg4 27. Bd1 Qb4 28. h3 Bd7 29. Qc2 Bb6 30. Qb3 Qxb3 31. Bxb3 Bb5 32. h4 Bd3 33. Nd2 Bd8 34. g3 b5 35. f3 Bb6+ 36. Kg2 Be3 37. Nf1 Bd4 38. a4 Bxb2 39. Ne3 g6 40. h5 Bd4 41. Ng4 Kg7 42. hxg6 fxg6 43. Nf2 Bc4 44. Bc2 b4 45. f4 b3 46. Bb1 exf4 47. gxf4 b2 48. Bc2 Ba2 49. Ng4 b1Q 50. Bxb1 Bxb1 51. Kf3 h5 52. Ne3 Bd3 53. f5 g5 54. Ng2 Bc2 55. a5 Bd1+ 56. Kg3 Kf6 57. Ne1 h4+ 58. Kg2 g4 59. Nd3 Bf3+ 60. Kf1 Bxe4 61. Nb4 Bc5 62. Na2 g3 63. Nc3 g2+ 64. Ke2 Bxf5 65. Kf3 g1Q 66. Ne4+ Bxe4+ 67. Kxe4 Qe3# 0-1

[Event "Wch Rapid (Women)"]
[Site "Moscow"]
[Date "2019.12.28"]
[Round "9"]
[White "Fominykh, Maria"]
[Black "Gansvind, Valeriya I"]
[Result "1/2-1/2"]
[WhiteElo "2206"]
[BlackElo "2081"]
[PlyCount "77"]
[EventDate "2019.12.26"]
[EventType "swiss (rapid)"]
[EventRounds "12"]
[EventCountry "RUS"]
[SourceTitle "CBM 193 Extra"]
[Source "ChessBase"]
[SourceDate "2020.01.31"]
[SourceVersion "1"]
[SourceVersionDate "2020.01.31"]
[SourceQuality "1"]

1. d4 Nf6 2. c4 e6 3. Nf3 b6 4. e3 Bb7 5. Be2 Bb4+ 6. Nbd2 0-0 7. 0-0 Bxd2 8. Nxd2 d6 9. Qc2 Nbd7 10. e4 e5 11. d5 a5 12. b3 Nc5 13. Rb1 Bc8 14. a3 Bg4 15. f3 Bd7 16. b4 Nb7 17. f4 exf4 18. Rxf4 axb4 19. axb4 Qe7 20. Bb2 Ne8 21. Qc3 f6 22. Rf2 Nd8 23. Bd3 Nf7 24. Nf3 Ne5 25. Nd4 g6 26. Bf1 Ng7 27. h3 Rf7 28. Rc1 f5 29. exf5 Nxf5 30. Nxf5 Rxf5 31. Rxf5 Bxf5 32. Re1 Ra2 33. Bc1 Rc2 34. Qg3 Qf7 35. Bg5 Bd7 36. Bf4 Nxc4 37. Qg5 Ne5 38. Bxe5 dxe5 39. Qxe5 1/2-1/2

[Event "Wch Rapid (Women)"]
[Site "Moscow"]
[Date "2019.12.28"]
[Round "10"]
[White "Munkhzul, Turmunkh"]
[Black "Gansvind, Valeriya I"]
[Result "1-0"]
[WhiteElo "2278"]
[BlackElo "2081"]
[PlyCount "127"]
[EventDate "2019.12.26"]
[EventType "swiss (rapid)"]
[EventRounds "12"]
[EventCountry "RUS"]
[SourceTitle "CBM 193 Extra"]
[Source "ChessBase"]
[SourceDate "2020.01.31"]
[SourceVersion "1"]
[SourceVersionDate "2020.01.31"]
[SourceQuality "1"]

1. e4 g6 2. d4 d6 3. Nc3 Bg7 4. Nf3 c6 5. Be2 b5 6. a3 a6 7. 0-0 Qc7 8. Be3 Nd7 9. Qd2 Bb7 10. Rfe1 h6 11. Bf1 c5 12. Rad1 cxd4 13. Bxd4 Ngf6 14. e5 dxe5 15. Nxe5 0-0 16. Nxd7 Qxd7 17. Qe2 Qc6 18. Qxe7 Rfe8 19. Qc5 Qxc5 20. Rxe8+ Rxe8 21. Bxc5 Ng4 22. Bd4 Ne5 23. f4 Ng4 24. Bxg7 Kxg7 25. h3 Nf6 26. Kf2 Re7 27. Be2 Rc7 28. Rd4 Nd7 29. Rd6 Nc5 30. Bf3 Na4 31. Bxb7 Nxb2 32. Bc6 Nc4 33. Nd5 Rc8 34. Rf6 Rd8 35. g4 Na5 36. Ke2 Nxc6 37. Rxc6 Rxd5 38. Rxa6 Rc5 39. Kd2 h5 40. Ra5 hxg4 41. hxg4 Rc4 42. Rxb5 Rxf4 43. Rb4 Rf1 44. a4 Ra1 45. g5 Kf8 46. Re4 Ra3 47. Kc1 f5 48. gxf6 Kf7 49. Kb2 Rh3 50. a5 Kxf6 51. a6 Rh7 52. Kb3 Ra7 53. Ra4 g5 54. Kb4 g4 55. Kb5 Kf5 56. Kb6 Ra8 57. a7 g3 58. Kb7 g2 59. Ra1 Rh8 60. Rg1 Rh7+ 61. Kb6 Rh6+ 62. Kb5 Rh8 63. Rxg2 Ke5 64. Rd2 1-0

[Event "Victoria op"]
[Site "Victoria"]
[Date "2019.04.21"]
[Round "3"]
[White "Gansvind, Valeriya I"]
[Black "Beaudin, Jesse"]
[Result "1-0"]
[WhiteElo "2119"]
[BlackElo "1955"]
[PlyCount "56"]
[EventDate "2019.04.19"]
[EventType "swiss"]
[EventRounds "6"]
[EventCountry "CAN"]
[SourceTitle "CBM 190 Extra"]
[Source "ChessBase"]
[SourceDate "2019.07.15"]
[SourceVersion "1"]
[SourceVersionDate "2019.07.15"]
[SourceQuality "1"]

1. d4 d5 2. Nf3 e6 3. e3 c5 4. b3 Nf6 5. Bb2 Nbd7 6. Nbd2 a6 7. c4 dxc4 8. bxc4 cxd4 9. exd4 Qa5 10. Bd3 Ba3 11. Qc2 0-0 12. 0-0 Bxb2 13. Qxb2 Qc7 14. a4 b6 15. Rfc1 Bb7 16. a5 bxa5 17. Qc3 Rfe8 18. Qxa5 Qc6 19. Re1 Rad8 20. Rab1 Rc8 21. Ne4 Rc7 22. d5 exd5 23. Nd4 dxe4 24. Nxc6 exd3 25. Qxc7 Rxe1+ 26. Rxe1 Bxc6 27. Qxc6 d2 28. Rd1 Ne5 1-0

[Event "Grand Pacific op 11th"]
[Site "Victoria"]
[Date "2017.04.16"]
[Round "5"]
[White "Gansvind, Valeriya I"]
[Black "North, Robert"]
[Result "1/2-1/2"]
[WhiteElo "2161"]
[BlackElo "2031"]
[PlyCount "194"]
[EventDate "2017.04.14"]
[EventType "tourn"]
[EventRounds "6"]
[EventCountry "CAN"]
[SourceTitle "CBM 178 Extra"]
[Source "ChessBase"]
[SourceDate "2017.06.22"]
[SourceVersion "1"]
[SourceVersionDate "2017.06.22"]
[SourceQuality "1"]

1. d4 Nf6 2. Nf3 g6 3. g3 Bg7 4. Bg2 0-0 5. 0-0 d5 6. Ne5 Nbd7 7. c4 c6 8. Nc3 e6 9. f4 Qb6 10. e3 Rd8 11. c5 Qc7 12. Qc2 Rf8 13. Bd2 Nxe5 14. dxe5 Nd7 15. Rac1 Kh8 16. Ne2 Re8 17. Kh1 Nf8 18. b4 a6 19. Bc3 Qe7 20. Qb2 h6 21. a4 Bd7 22. Bd4 Nh7 23. Rcd1 Bf8 24. Nc3 Kg8 25. h4 Reb8 26. Rb1 Bg7 27. Bf3 Nf8 28. Be2 h5 29. Ra1 Qd8 30. Nb1 Be8 31. Nd2 Qc8 32. Nf3 Bh6 33. Bd3 Qd7 34. Rfb1 Kh7 35. Qe2 Kg8 36. Kg2 Nh7 37. Rh1 Qe7 38. Rab1 Rc8 39. Ng5 f5 40. exf6 Nxf6 41. Nf3 Nd7 42. Ne5 Nxe5 43. Bxe5 Bg7 44. Bd6 Qf7 45. e4 Bd7 46. e5 Be8 47. Rb2 Rd8 48. Rhb1 Rd7 49. b5 axb5 50. axb5 Bf8 51. b6 Rdd8 52. Ra2 Bxd6 53. exd6 Qf6 54. Rba1 Rab8 55. Re1 Bf7 56. Qe5 Kg7 57. Ra7 Rd7 58. Kf3 Qxe5 59. Rxe5 Kf6 60. g4 hxg4+ 61. Kxg4 Be8 62. Rg5 Rg7 63. Kg3 Rd7 64. Ra1 Rg7 65. Be2 Bd7 66. Bg4 Re8 67. Re5 Rgg8 68. Kf3 Ra8 69. Ree1 Rxa1 70. Rxa1 Rb8 71. Ra7 Bc8 72. Ke3 Bd7 73. Be2 e5 74. fxe5+ Kxe5 75. Ra4 Bf5 76. Bg4 Ke6 77. Bxf5+ gxf5 78. Kf4 Rg8 79. Ra7 Rg4+ 80. Kf3 Rg7 81. Ra8 d4 82. Re8+ Kd5 83. Re7 Rg8 84. Rxb7 Kxc5 85. d7 Rd8 86. Kf4 Kd6 87. Kxf5 d3 88. Ra7 d2 89. Ra1 Kxd7 90. Rd1 Kc8 91. Ke4 Kb7 92. Ke3 Rh8 93. Rxd2 Rxh4 94. Rb2 Rh5 95. Kd4 Rh4+ 96. Kc5 Rh5+ 97. Kc4 Rh4+ 1/2-1/2

[Event "British Columbia-ch"]
[Site "Burnaby"]
[Date "2011.10.08"]
[Round "2.3"]
[White "McLaren, Brian"]
[Black "Gansvind, Valeriya I"]
[Result "0-1"]
[WhiteElo "2186"]
[BlackElo "2308"]
[PlyCount "134"]
[EventDate "2011.10.07"]
[EventType "tourn"]
[EventRounds "7"]
[EventCountry "CAN"]
[SourceTitle "EXT 2022"]
[Source "ChessBase"]
[SourceDate "2021.10.06"]
[SourceVersion "1"]
[SourceVersionDate "2021.10.06"]
[SourceQuality "1"]

1. e4 c5 2. Nc3 e6 3. g3 d5 4. exd5 exd5 5. d4 Nf6 6. Bg2 cxd4 7. Qxd4 Nc6 8. Qa4 Bd7 9. Nf3 Bc5 10. Qb5 Qe7+ 11. Qe2 Qxe2+ 12. Nxe2 Bf5 13. c3 0-0-0 14. 0-0 Bd3 15. Re1 Rde8 16. Nf4 Rxe1+ 17. Nxe1 Be4 18. Nfd3 Bb6 19. Bf4 Nd7 20. Rd1 f6 21. h4 Re8 22. Kf1 Bxg2+ 23. Nxg2 Nde5 24. Be3 d4 25. cxd4 Bxd4 26. Bxd4 Nxd4 27. Nxe5 fxe5 28. Ne3 Re6 29. Nc4 Nc6 30. Ke2 Kc7 31. Ke3 b5 32. Nd2 Rd6 33. Rc1 Kb6 34. Nf3 a5 35. Ke4 Rd8 36. a3 Rf8 37. Rc2 Re8 38. Rd2 b4 39. a4 Rf8 40. Rd7 g6 41. Rxh7 Kc5 42. Rb7 Rd8 43. Ke3 Nd4 44. Nxd4 Rxd4 45. Rc7+ Kd5 46. Rc8 Re4+ 47. Kd3 Rd4+ 48. Kc2 Ke4 49. Rf8 Rd3 50. Rf6 b3+ 51. Kc1 Rd4 52. Re6 Rxa4 53. Kd2 Rc4 54. f4 Rc2+ 55. Kd1 Rxb2 56. Rxe5+ Kd3 57. Rd5+ Kc3 58. Rxa5 Rd2+ 59. Ke1 Rg2 60. Rc5+ Kb4 61. Rc6 b2 62. Rb6+ Kc5 63. Rb8 b1Q+ 64. Rxb1 Rg1+ 65. Kf2 Rxb1 66. Kf3 Kd6 67. Kg4 Rb5 0-1

[Event "Moscow Itkin Memorial-B"]
[Site "Moscow"]
[Date "2011.08.27"]
[Round "6"]
[White "Dvalishvili, Pavel S"]
[Black "Gansvind, Valeriya I"]
[Result "1/2-1/2"]
[WhiteElo "2413"]
[BlackElo "2222"]
[PlyCount "21"]
[EventDate "2011.08.19"]
[EventType "tourn"]
[EventRounds "9"]
[EventCountry "RUS"]
[EventCategory "3"]
[SourceTitle "CBM 144 Extra"]
[Source "ChessBase"]
[SourceDate "2011.10.28"]
[SourceVersion "1"]
[SourceVersionDate "2011.10.28"]
[SourceQuality "1"]

1. Nf3 g6 2. d4 Bg7 3. c4 d6 4. Nc3 c6 5. e4 Bg4 6. Be2 Bxf3 7. Bxf3 Qb6 8. d5 Nf6 9. 0-0 0-0 10. Qc2 Qc7 11. Be3 1/2-1/2

[Event "Moscow Itkin Memorial-B"]
[Site "Moscow"]
[Date "2011.08.23"]
[Round "3"]
[White "Granovskiy, Alexandr"]
[Black "Gansvind, Valeriya I"]
[Result "1-0"]
[WhiteElo "2288"]
[BlackElo "2222"]
[PlyCount "121"]
[EventDate "2011.08.19"]
[EventType "tourn"]
[EventRounds "9"]
[EventCountry "RUS"]
[EventCategory "3"]
[SourceTitle "CBM 144 Extra"]
[Source "ChessBase"]
[SourceDate "2011.10.28"]
[SourceVersion "1"]
[SourceVersionDate "2011.10.28"]
[SourceQuality "1"]

1. d4 g6 2. e4 d6 3. Nc3 Bg7 4. Be3 c6 5. Qd2 b5 6. f3 a6 7. h4 Nd7 8. h5 gxh5 9. 0-0-0 Bb7 10. Nce2 Qc7 11. Ng3 h4 12. Nh5 Bf8 13. Rxh4 Ngf6 14. Nh3 Nxh5 15. Rxh5 Nf6 16. Rh4 0-0-0 17. g4 Bg7 18. g5 Nd7 19. Nf4 c5 20. d5 Ne5 21. Rh3 Rdg8 22. Nh5 Bf8 23. Be2 Kb8 24. Rdh1 Bc8 25. R3h2 b4 26. Kb1 Qd8 27. Ng3 f6 28. f4 Nd7 29. g6 Rxg6 30. Nf5 Nb6 31. Nh4 Rgg8 32. f5 Bg7 33. Ng2 Nd7 34. Nf4 Ne5 35. Ne6 Bxe6 36. dxe6 Qb6 37. Bf4 Qc6 38. Qe3 h6 39. Rg1 Bf8 40. Rhg2 Rxg2 41. Rxg2 h5 42. Bxe5 fxe5 43. Bc4 h4 44. Qf3 h3 45. Rh2 Bg7 46. b3 Bf6 47. a4 bxa3 48. Ka2 Rh4 49. Bd5 Qe8 50. Rxh3 Rxh3 51. Qxh3 Qh8 52. Qc3 Qd8 53. Bc4 Ka7 54. Qd3 Qb6 55. Qg3 Qd8 56. Kxa3 Qb8 57. Qe1 Qb6 58. Qa1 Bg5 59. Kb2 Qd8 60. Qa4 a5 61. Qd7+ 1-0